000 00405nam a2200169Ia 4500
008 221030s9999 xx 000 0 und d
020 _a0074635999
041 _aEnglish
082 _a105.23
_bBee
100 _aF. P. Beer
245 0 _aVector Mechanics For Engineers - Statics
260 _bTMH
_aNew Delhi
_c2001
300 _a601
650 _aBB Mechanics
700 _aE. R. Johnston
942 _cBK
999 _c1206
_d1206